000 00370 a2200157 4500
001 64028
020 _a8530801768
040 _cAnchieta - Pituba
100 _aFeitosa, Vera Cristina
240 1 0 _aRedação de textos científicos
_l
245 1 0 _aRedação de textos científicos
300 _a155
362 0 _a2001
650 4 _aLíngua portuguesa
942 _cBK
999 _c64028
_d64028